Sports Quiz

Random Sports or Quick Pick Quiz

Quick Pick: 1992 Olympic Dream Team Quiz Stats

 Plays Quiz not verified by Sporcle

Support Sporcle.
Go Orange.
Score 0/12 Timer 01:00
0 Plays Today
% Correct
Larry Bird
93.1%
Magic Johnson
92.3%
Charles Barkley
91.5%
Michael Jordan
90%
Karl Malone
90%
John Stockton
88.5%
Scottie Pippen,
87.7%
Patrick Ewing
86.5%
David Robinson
85.8%
Clyde Drexler
84.6%
Christian Laettner
83.5%
Chris Mullin
81.9%

You're not logged in!

Compare scores with friends on all Sporcle quizzes.
OR
Log In

From the Vault

Pick the Gemstone

by PrincessMartell

No mining pick required.
Remove Ads.
Support Sporcle.
Get the best of Sporcle when you Go Orange. This ad-free experience offers more features, more stats, and more fun while also helping to support Sporcle. Thank you for becoming a member.

Show Comments

Extras

Top Quizzes Today


Score Distribution

Your Account Isn't Verified!

In order to create a playlist on Sporcle, you need to verify the email address you used during registration. Go to your Sporcle Settings to finish the process.

Report this User

Report this user for behavior that violates our Community Guidelines.

Details: